[Event "XXIV Festival Conca della Presolana A"]
[Site "Bratto - Castione della Presolana ITA"]
[Date "2004.08.21"]
[Round "2"]
[White "Marchand, Francois"]
[Black "Astengo, Marcello"]
[Result "1-0"]
[WhiteElo "2267"]
[BlackElo "2056"]
[PlyCount "73"]
[EventDate "2004.08.20"]

1.d4 d5 2.c4 c6 3.Nf3 e6 4.Nc3 dxc4 5.e3 b5 6.a4 Bb4 7.Bd2 a5 8.axb5 Bxc3 
9.Bxc3 cxb5 10.b3 Bb7 11.bxc4 b4 12.Bb2 Nf6 13.Bd3 O-O 14.O-O Nbd7 15.Qc2 
Qc7 16.e4 e5 17.c5 Rfe8 18.Rfe1 Ba6 19.Bxa6 Rxa6 20.Qc4 Raa8 21.c6 exd4 
22.Rac1 Ne5 23.Nxe5 Rxe5 24.Qxd4 Re6 25.e5 Rd8 26.Qc5 Ne8 27.Rc2 Rdd6 28.
Rec1 Rxc6 29.Qxc6 Rxc6 30.Rxc6 Qb7 31.Rc8 Kf8 32.Bd4 Ke7 33.R8c5 a4 34.Ra5
a3 35.Ra7 Qxa7 36.Bxa7 b3 37.Bc5+ 1-0

[Event "XXIV Festival Conca della Presolana A"]
[Site "Bratto - Castione della Presolana ITA"]
[Date "2004.08.21"]
[Round "2"]
[White "Mariano, Elia"]
[Black "Bergez, Luc"]
[Result "1/2-1/2"]
[WhiteElo "2212"]
[BlackElo "2376"]
[PlyCount "59"]
[EventDate "2004.08.20"]

1.d4 Nf6 2.c4 e6 3.Nc3 d5 4.cxd5 exd5 5.Bg5 Be7 6.e3 O-O 7.Bd3 Nbd7 8.Nge2
c5 9.O-O Re8 10.dxc5 Nxc5 11.Bb5 Rf8 12.Nf4 Be6 13.Be2 Qd6 14.Bf3 Rfd8 15.
Bxf6 Bxf6 16.Nfxd5 Bxd5 17.Qxd5 Qxd5 18.Nxd5 Bxb2 19.Rab1 Be5 20.Rfc1 Bd6 
21.Nc7 Rac8 22.Nb5 Bb8 23.Nd4 Kf8 24.Bg4 Rc7 25.Nb5 Rc6 26.Bf3 Rcc8 27.Bg4
Rc6 28.Bf3 Rcc8 29.Bg4 Rc6 30.Bf3 1/2-1/2

[Event "XXIV Festival Conca della Presolana A"]
[Site "Bratto - Castione della Presolana ITA"]
[Date "2004.08.21"]
[Round "2"]
[White "Marinelli, Gian Marco"]
[Black "Agnelli, Francesco"]
[Result "0-1"]
[WhiteElo "2018"]
[BlackElo "2097"]
[PlyCount "56"]
[EventDate "2004.08.20"]

1.e4 c5 2.Nf3 Nc6 3.d4 cxd4 4.Nxd4 e5 5.Nb5 d6 6.N1c3 a6 7.Na3 f5 8.exf5 
Bxf5 9.Bd3 Be6 10.O-O Be7 11.Be4 Nf6 12.Bd5 Nxd5 13.Nxd5 O-O 14.Nc4 b5 15.
Nxe7+ Qxe7 16.Nb6 Rad8 17.Nd5 Qf7 18.Nc3 Bc4 19.Ne2 Nd4 20.Nxd4 Bxf1 21.
Qxf1 exd4 22.f3 Rc8 23.Qd3 Qc4 24.Bg5 Rfe8 25.Rd1 Re2 26.Qxd4 Qxd4+ 27.
Rxd4 Rcxc2 28.Bf4 Re1# 0-1

[Event "XXIV Festival Conca della Presolana A"]
[Site "Bratto - Castione della Presolana ITA"]
[Date "2004.08.21"]
[Round "2"]
[White "Navarro, Stefano"]
[Black "Gromovs, Sergejs"]
[Result "1-0"]
[WhiteElo "2117"]
[BlackElo "2341"]
[PlyCount "75"]
[EventDate "2004.08.20"]

1.e4 c5 2.Nf3 Nc6 3.d4 cxd4 4.Nxd4 Nf6 5.Nc3 g6 6.Nxc6 bxc6 7.e5 Ng8 8.Bc4
Qa5 9.f4 Bg7 10.Qd3 Nh6 11.O-O O-O 12.Ne4 d5 13.exd6 exd6 14.Bd2 Qb6+ 15.
Be3 Qb8 16.Qxd6 Bf5 17.Qxb8 Rfxb8 18.Ng5 Rxb2 19.Rac1 Bxc2 20.h3 Nf5 21.
Bxf7+ Kh8 22.Bf2 Bf6 23.Bc4 h6 24.Nf7+ Kg7 25.Ne5 Be4 26.Rfe1 Nd6 27.Bf1 
Bd5 28.Nxc6 Rxa2 29.Nb4 Rxf2 30.Kxf2 Bf7 31.Nc6 Nf5 32.g3 a5 33.Bd3 Nd4 
34.Nxd4 Bxd4+ 35.Kf1 a4 36.Rc7 Rf8 37.Bc4 Kg8 38.Ree7 {...} 1-0

[Event "XXIV Festival Conca della Presolana A"]
[Site "Bratto - Castione della Presolana ITA"]
[Date "2004.08.21"]
[Round "2"]
[White "Orsi, Massimiliano"]
[Black "Scacco, Mauro"]
[Result "1-0"]
[WhiteElo "2046"]
[BlackElo "2117"]
[PlyCount "69"]
[EventDate "2004.08.20"]

1.e4 e5 2.f4 exf4 3.Nf3 d6 4.Bc4 h6 5.d3 g5 6.h4 Bg7 7.c3 Nc6 8.Na3 Qe7 9.
Qb3 a6 10.Bd2 Rb8 11.hxg5 hxg5 12.O-O-O Nh6 13.g3 Bg4 14.Rdf1 Bxf3 15.Rxf3
Ne5 16.Rff1 fxg3 17.Rhg1 b5 18.Rxg3 g4 19.d4 bxc4 20.Qxb8+ Kd7 21.Qb4 Nd3+
22.Rxd3 cxd3 23.Qa4+ Kd8 24.Qxa6 Qd7 25.Nc4 f6 26.Ne3 Ke7 27.Qxd3 Rb8 28.
e5 dxe5 29.Qg6 Rg8 30.dxe5 fxe5 31.Nf5+ Nxf5 32.Bg5+ Bf6 33.Qxf6+ Ke8 34.
Rxf5 Qd3 35.Qe7# 1-0

[Event "XXIV Festival Conca della Presolana A"]
[Site "Bratto - Castione della Presolana ITA"]
[Date "2004.08.21"]
[Round "2"]
[White "Piantoni, Roberto"]
[Black "De Santis, Alessio"]
[Result "0-1"]
[WhiteElo "2124"]
[BlackElo "2292"]
[PlyCount "86"]
[EventDate "2004.08.20"]

1.d4 f5 2.Bg5 g6 3.Nc3 d5 4.e3 Bg7 5.Qf3 c6 6.Bd3 Qb6 7.Nge2 Nd7 8.O-O 
Ngf6 9.Nf4 Qxb2 10.Nb5 cxb5 11.Ne6 Kf7 12.Nc7 Ne4 13.Bxe4 dxe4 14.Qe2 Nb6 
15.Nxa8 Nxa8 16.Rab1 Qa3 17.Rxb5 Nb6 18.Rc5 Qb4 19.c3 Qa4 20.Rb1 Re8 21.
Rbb5 Be6 22.Ra5 Qd7 23.Rxa7 Nc8 24.Ra8 b6 25.Rb5 Qc6 26.Ra4 Nd6 27.Rbb4 b5
28.Ra3 Bc4 29.Qe1 Ra8 30.Rxa8 Qxa8 31.Rb2 Qa3 32.Qc1 Nc8 33.Rc2 Qa4 34.Rb2
Nb6 35.f3 exf3 36.gxf3 h6 37.Bh4 Qa8 38.e4 fxe4 39.Qf4+ Kg8 40.Qxe4 Qxe4 
41.fxe4 Na4 42.Rg2 Nxc3 43.Rxg6 Kf7 0-1

[Event "XXIV Festival Conca della Presolana A"]
[Site "Bratto - Castione della Presolana ITA"]
[Date "2004.08.21"]
[Round "2"]
[White "Pizzuto, Samuele Tullio"]
[Black "Pegoraro, Nicola"]
[Result "1-0"]
[WhiteElo "2137"]
[BlackElo "2065"]
[PlyCount "46"]
[EventDate "2004.08.20"]

1.e4 c5 2.Nc3 Nc6 3.Bb5 Nd4 4.Bc4 d6 5.Nf3 Nf6 6.h3 e6 7.O-O Be7 8.d3 O-O 
9.Nxd4 cxd4 10.Ne2 d5 11.exd5 Nxd5 12.Nxd4 Nb6 13.c3 Nxc4 14.dxc4 Qc7 15.
Qe2 b6 16.Be3 Bb7 17.b3 Qe5 18.Bd2 Qf6 19.f4 Rac8 20.Rae1 Bd6 21.Qg4 Rc5 
22.f5 h5 23.Qxh5 g6 1-0

[Event "XXIV Festival Conca della Presolana A"]
[Site "Bratto - Castione della Presolana ITA"]
[Date "2004.08.21"]
[Round "2"]
[White "Podini, Francesco"]
[Black "Mione, Dario"]
[Result "0-1"]
[WhiteElo "2074"]
[BlackElo "2256"]
[PlyCount "40"]
[EventDate "2004.08.20"]

1.e4 c5 2.Nc3 Nc6 3.f4 g6 4.Nf3 Bg7 5.Bb5 Nd4 6.d3 e6 7.O-O Ne7 8.e5 a6 9.
Ba4 b5 10.Bb3 d5 11.exd6 Qxd6 12.Ne4 Qc7 13.Ne5 Nec6 14.Ng4 f5 15.Ng5 fxg4
16.Qxg4 Nxb3 17.Nxe6 Qd6 18.Re1 Nxa1 19.Nxg7+ Kf7 20.f5 Qd4+ 0-1

[Event "XXIV Festival Conca della Presolana A"]
[Site "Bratto - Castione della Presolana ITA"]
[Date "2004.08.21"]
[Round "2"]
[White "Ranola, Yves"]
[Black "Shytaj, Carlo"]
[Result "1-0"]
[WhiteElo "2410"]
[BlackElo "2214"]
[PlyCount "59"]
[EventDate "2004.08.20"]

1.c4 Nf6 2.g3 c5 3.Bg2 e6 4.Nf3 a6 5.O-O b6 6.d3 Bb7 7.e4 d6 8.Nc3 Be7 9.
Re1 Nbd7 10.Ng5 e5 11.f4 Nb8 12.Nd5 Nxd5 13.exd5 Bxg5 14.fxg5 O-O 15.Qh5 
Nd7 16.Re4 Re8 17.Rh4 Nf8 18.Bd2 g6 19.Qh6 Bc8 20.Be4 b5 21.Rf1 Re7 22.Bc3
Rb8 23.Rf2 a5 24.cxb5 Rxb5 25.Rhf4 f5 26.gxf6 Rf7 27.Rh4 Rxf6 28.Bxg6 Nxg6
29.Qxh7+ Kf8 30.Qxg6 1-0

[Event "XXIV Festival Conca della Presolana A"]
[Site "Bratto - Castione della Presolana ITA"]
[Date "2004.08.21"]
[Round "2"]
[White "Raselli, Claudio"]
[Black "Poropat, Marijan"]
[Result "0-1"]
[WhiteElo "2061"]
[BlackElo "2126"]
[PlyCount "112"]
[EventDate "2004.08.20"]

1.c4 g6 2.Nf3 Bg7 3.d4 c5 4.Nc3 cxd4 5.Nxd4 Nc6 6.Nxc6 bxc6 7.e4 d6 8.Be2 
Nf6 9.O-O Nd7 10.Be3 c5 11.Qd2 Rb8 12.f4 Qa5 13.Rac1 Bb7 14.Bf3 O-O 15.b3 
Qb4 16.Nd5 Bxd5 17.Qxd5 Qa3 18.Rc2 a5 19.Bc1 Qb4 20.Bd2 Bd4+ 21.Qxd4 cxd4 
22.Bxb4 Rxb4 23.Rd1 e5 24.fxe5 dxe5 25.c5 Nf6 26.c6 Rc8 27.Rc5 a4 28.Rxe5 
axb3 29.axb3 Rxc6 30.Re7 Re6 31.Rxe6 fxe6 32.Kf2 e5 33.Rb1 Kf7 34.Ke2 Ne8 
35.Kd2 Nd6 36.Kc2 Kf6 37.Ra1 Rb6 38.Ra7 Nb7 39.Ra1 Nc5 40.Rb1 Rb4 41.Rb2 
h5 42.Rb1 g5 43.g3 g4 44.Bg2 Kg5 45.Bh1 h4 46.gxh4+ Kxh4 47.Bg2 Kg5 48.Bh1
Kf4 49.Rf1+ Ke3 50.Re1+ Kf2 51.Rb1 Ke2 52.Rg1 Rxb3 53.Rg2+ Kf1 54.Rxg4 d3+
55.Kc1 Rc3+ 56.Kd1 Nb3 0-1

[Event "XXIV Festival Conca della Presolana A"]
[Site "Bratto - Castione della Presolana ITA"]
[Date "2004.08.21"]
[Round "2"]
[White "Ricci, Marco"]
[Black "Lanzani, Giuliano"]
[Result "1-0"]
[WhiteElo "2147"]
[BlackElo "2074"]
[PlyCount "34"]
[EventDate "2004.08.20"]

1.e4 e5 2.Nf3 Nc6 3.Bb5 a6 4.Bxc6 dxc6 5.O-O Bd6 6.d4 f6 7.dxe5 fxe5 8.
Nxe5 Nf6 9.Nf3 Bc5 10.Qxd8+ Kxd8 11.Bg5 h6 12.Bxf6+ gxf6 13.Nbd2 Ke7 14.
Nb3 Bd6 15.Rfe1 Bf4 16.g3 Bg4 17.Nh4 Be5 1-0

[Event "XXIV Festival Conca della Presolana A"]
[Site "Bratto - Castione della Presolana ITA"]
[Date "2004.08.21"]
[Round "2"]
[White "Rombaldoni, Axel"]
[Black "Moncelli, Giorgio"]
[Result "1-0"]
[WhiteElo "2063"]
[BlackElo "2141"]
[PlyCount "61"]
[EventDate "2004.08.20"]

1.e4 c6 2.d4 d5 3.e5 Bf5 4.Nd2 e6 5.Nb3 Nd7 6.Nf3 Ne7 7.Bd3 Bxd3 8.Qxd3 
Nf5 9.Bd2 Be7 10.c3 Qc7 11.Ng5 h6 12.Qh3 Bxg5 13.Bxg5 Nb6 14.Nc5 Ne7 15.
Be3 Nd7 16.Nd3 O-O-O 17.O-O Nf5 18.a4 g5 19.b4 f6 20.b5 c5 21.dxc5 Nxe5 
22.Nxe5 fxe5 23.a5 g4 24.Qxg4 Rhg8 25.Qh3 Qg7 26.a6 Nxe3 27.fxe3 Qg4 28.
axb7+ Kxb7 29.Rf7+ Kb8 30.Qxg4 Rxg4 31.Raxa7 1-0

[Event "XXIV Festival Conca della Presolana A"]
[Site "Bratto - Castione della Presolana ITA"]
[Date "2004.08.21"]
[Round "2"]
[White "Rosin, Federico"]
[Black "Capece, Adolivio"]
[Result "1-0"]
[WhiteElo "2124"]
[BlackElo "2061"]
[PlyCount "61"]
[EventDate "2004.08.20"]

1.e4 d6 2.d4 Nf6 3.Nc3 c6 4.f4 g6 5.Nf3 Bg7 6.Bd3 Qb6 7.e5 Nd5 8.Nxd5 cxd5
9.c3 Bg4 10.h3 Bd7 11.Qe2 e6 12.O-O Nc6 13.Be3 dxe5 14.fxe5 Ne7 15.Bg5 h6 
16.Bf6 Bxf6 17.exf6 Nf5 18.Kh2 O-O-O 19.Ne5 Be8 20.a4 h5 21.a5 Qc7 22.Rfc1
Kb8 23.b4 Rc8 24.b5 Qd8 25.b6 Qxf6 26.a6 bxa6 27.Bxa6 Nxd4 28.bxa7+ Ka8 
29.Bb7+ Kxb7 30.Qa6+ Ka8 31.Qxc8# 1-0

[Event "XXIV Festival Conca della Presolana A"]
[Site "Bratto - Castione della Presolana ITA"]
[Date "2004.08.21"]
[Round "2"]
[White "Salvador, Roland"]
[Black "Vezzosi, Paolo"]
[Result "1-0"]
[WhiteElo "2178"]
[BlackElo "2350"]
[PlyCount "69"]
[EventDate "2004.08.20"]

1.d4 d5 2.Nf3 e6 3.c4 c6 4.Qc2 Nf6 5.Nc3 dxc4 6.e4 b5 7.a4 Bb4 8.Bd2 Bb7 
9.Be2 h6 10.O-O O-O 11.e5 Bxc3 12.exf6 Bxd2 13.fxg7 Kxg7 14.Qxd2 Nd7 15.
Ra3 Qf6 16.Ne5 Nxe5 17.dxe5 Qxe5 18.Rg3+ Kh7 19.Bf3 Rad8 20.Qc2+ f5 21.
axb5 Rd6 22.Qxc4 Rc8 23.Qa4 cxb5 24.Qxa7 Rd7 25.Bxb7 Rb8 26.Re3 Qd6 27.Qa2
Rbxb7 28.Rxe6 Qd3 29.Qa6 Qd2 30.g3 b4 31.Rfe1 Rbc7 32.R1e3 Qd1+ 33.Kg2 Qh5
34.Qa8 f4 35.Qe4+ 1-0

[Event "XXIV Festival Conca della Presolana A"]
[Site "Bratto - Castione della Presolana ITA"]
[Date "2004.08.21"]
[Round "2"]
[White "Sedina, Elena"]
[Black "Patelli, Alessandro"]
[Result "1-0"]
[WhiteElo "2396"]
[BlackElo "2211"]
[PlyCount "61"]
[EventDate "2004.08.20"]

1.e4 c5 2.Nf3 d6 3.c3 Nf6 4.Be2 g6 5.O-O Bg7 6.Bb5+ Bd7 7.Bxd7+ Nfxd7 8.d4
O-O 9.Bg5 Nc6 10.Qd2 Re8 11.d5 Nce5 12.Nxe5 Nxe5 13.f4 Ng4 14.Qe2 Qd7 15.
Nd2 b5 16.a4 a6 17.h3 Nh6 18.f5 f6 19.Bxh6 Bxh6 20.Nf3 Bf4 21.fxg6 hxg6 
22.Nh4 g5 23.Nf5 e6 24.dxe6 Rxe6 25.axb5 Qb7 26.Qh5 Qh7 27.Qxh7+ Kxh7 28.
g3 Be5 29.Rxa6 Rb8 30.Ra7+ Kg8 31.Rfa1 1-0

[Event "XXIV Festival Conca della Presolana A"]
[Site "Bratto - Castione della Presolana ITA"]
[Date "2004.08.21"]
[Round "2"]
[White "Shytaj, Luca"]
[Black "Campini, Marco"]
[Result "1-0"]
[WhiteElo "2344"]
[BlackElo "2173"]
[PlyCount "80"]
[EventDate "2004.08.20"]

1.e4 c5 2.Nf3 d6 3.d4 cxd4 4.Nxd4 Nf6 5.Nc3 a6 6.Be3 Ng4 7.Bg5 h6 8.Bh4 
Nc6 9.h3 Nge5 10.Qd2 g5 11.Bg3 Bg7 12.Nb3 b5 13.Rb1 Rb8 14.f4 Nc4 15.Bxc4 
bxc4 16.Nc1 f5 17.O-O Qa5 18.N1e2 fxe4 19.fxg5 hxg5 20.Qe3 Qb6 21.Qxb6 
Rxb6 22.Nxe4 Nd4 23.Nxd4 Bxd4+ 24.Bf2 Bxf2+ 25.Rxf2 Rg8 26.Re1 Rg7 27.b3 
cxb3 28.axb3 Kd8 29.Re3 Bb7 30.Ng3 Kd7 31.Nf5 Rf7 32.Nd4 Rf4 33.Rd2 e5 34.
Ne2 Re4 35.Rg3 g4 36.hxg4 d5 37.Nc3 Re1+ 38.Kf2 Rc1 39.Nxd5 Rd6 40.Rgd3 
Bxd5 1-0

[Event "XXIV Festival Conca della Presolana A"]
[Site "Bratto - Castione della Presolana ITA"]
[Date "2004.08.21"]
[Round "2"]
[White "Temi, Walter"]
[Black "Cardelli, Gabriele"]
[Result "1-0"]
[WhiteElo "2101"]
[BlackElo "2026"]
[PlyCount "45"]
[EventDate "2004.08.20"]

1.e4 c6 2.c4 d5 3.exd5 cxd5 4.cxd5 Qxd5 5.Nc3 Qd6 6.d4 a6 7.Bc4 Nf6 8.Nge2
Qc6 9.Qb3 e6 10.d5 exd5 11.Nxd5 Be6 12.Nd4 Qc5 13.Nxe6 fxe6 14.Nxf6+ gxf6 
15.O-O Bd6 16.Bxe6 Qc7 17.Qh3 Nc6 18.Qh5+ Kd8 19.Rd1 Re8 20.Qf5 Qe7 21.Bf4
Ne5 22.Bxe5 fxe5 23.Qxe5 1-0

[Event "XXIV Festival Conca della Presolana A"]
[Site "Bratto - Castione della Presolana ITA"]
[Date "2004.08.21"]
[Round "2"]
[White "Ticozzi, Stefano"]
[Black "Barlocco, Carlo"]
[Result "1-0"]
[WhiteElo "2079"]
[BlackElo "2148"]
[PlyCount "39"]
[EventDate "2004.08.20"]

1.d4 Nc6 2.Nf3 d6 3.e3 g6 4.Be2 Bg7 5.O-O e5 6.dxe5 Nxe5 7.c4 Ne7 8.Nxe5 
Bxe5 9.Qc2 Bf5 10.Bd3 Qd7 11.Nc3 Qc6 12.e4 Be6 13.Nd5 Qd7 14.Be3 Nc6 15.f4
Nd4 16.Qf2 c6 17.fxe5 cxd5 18.cxd5 dxe5 19.dxe6 Nxe6 20.Bb5 1-0

[Event "XXIV Festival Conca della Presolana A"]
[Site "Bratto - Castione della Presolana ITA"]
[Date "2004.08.21"]
[Round "2"]
[White "Valenti, Giuseppe"]
[Black "Zanellato, Lorenzo"]
[Result "1-0"]
[WhiteElo "2288"]
[BlackElo "2086"]
[PlyCount "89"]
[EventDate "2004.08.20"]

1.e4 c6 2.d4 d5 3.Nd2 dxe4 4.Nxe4 Bf5 5.Ng3 Bg6 6.Bc4 e6 7.N1e2 Nf6 8.h4 
h6 9.Nf4 Bh7 10.Bb3 Bd6 11.O-O O-O 12.Re1 Re8 13.Qf3 Nbd7 14.Be3 Nd5 15.
Nxd5 exd5 16.Nf5 Bxf5 17.Qxf5 Nf6 18.h5 Qd7 19.Qxd7 Nxd7 20.c3 Nf6 21.Bd1 
Re7 22.Bf3 Rae8 23.Red1 Ne4 24.g4 Bc7 25.Kg2 Nd6 26.b3 Ba5 27.Bf4 Ne4 28.
c4 Nc3 29.Rd3 Ne2 30.Bh2 dxc4 31.bxc4 Nxd4 32.Rxd4 Bc3 33.Rad1 Bxd4 34.
Rxd4 Re1 35.Rd7 R1e7 36.Rd2 Re6 37.Rb2 R8e7 38.c5 Rd7 39.Bb8 a6 40.Bd6 Re8
41.g5 f5 42.g6 Re1 43.Kg3 Re6 44.Kf4 Rf6 45.Re2 1-0

[Event "XXIV Festival Conca della Presolana A"]
[Site "Bratto - Castione della Presolana ITA"]
[Date "2004.08.21"]
[Round "2"]
[White "Vancini, Edoardo"]
[Black "Sax, Gyula"]
[Result "0-1"]
[WhiteElo "2294"]
[BlackElo "2535"]
[PlyCount "84"]
[EventDate "2004.08.20"]

1.d4 Nf6 2.Nf3 e6 3.e3 b6 4.Bd3 Bb7 5.O-O c5 6.Nbd2 Nc6 7.c3 Be7 8.e4 cxd4
9.cxd4 Nb4 10.Bb1 Ba6 11.Re1 Nd3 12.Bxd3 Bxd3 13.d5 Qc8 14.Ne5 Bc2 15.Qf3 
O-O 16.Nb3 Bd6 17.Nd3 Qc4 18.Bg5 Ne8 19.Rac1 Qxd3 20.Re3 Qc4 21.Re2 Bxe4 
22.Qxe4 Qxe4 23.Rxe4 f6 24.Bf4 e5 25.Be3 f5 26.Ra4 Nf6 27.f4 exf4 28.Bxf4 
Bxf4 29.Rxf4 Nxd5 30.Rd4 Nf6 31.Rc7 Rfc8 32.Rdc4 Rxc7 33.Rxc7 Kf8 34.Nd4 
g6 35.Nb5 a6 36.Nd4 Ke7 37.Rb7 Nd5 38.Nc6+ Kd6 39.Nb8 Kc5 40.Nxd7+ Kc6 41.
Rb8 Rxb8 42.Nxb8+ Kc7 0-1

[Event "XXIV Festival Conca della Presolana A"]
[Site "Bratto - Castione della Presolana ITA"]
[Date "2004.08.21"]
[Round "2"]
[White "Vinciguerra, Marco"]
[Black "Epishin, Vladimir V."]
[Result "0-1"]
[WhiteElo "2129"]
[BlackElo "2635"]
[PlyCount "76"]
[EventDate "2004.08.20"]

1.e4 c5 2.Nf3 e6 3.d4 cxd4 4.Nxd4 a6 5.c4 Bc5 6.Be3 d6 7.Nc3 Ne7 8.Be2 O-O
9.O-O e5 10.Nc2 Bxe3 11.Nxe3 Nbc6 12.Ncd5 Be6 13.b4 Rc8 14.Rb1 Nd4 15.Rb2 
b5 16.cxb5 Bxd5 17.exd5 axb5 18.Nc2 Nxe2+ 19.Qxe2 Qd7 20.Ne3 f5 21.f4 Ng6 
22.fxe5 Nxe5 23.Kh1 Rce8 24.Qc2 f4 25.Nd1 Rf5 26.Rb3 Nc4 27.Rbf3 g5 28.h4 
Rfe5 29.hxg5 Re2 30.Qc3 Nd2 31.Rxf4 Nxf1 32.Rxf1 Qg4 33.Qf3 Qxg5 34.Nc3 
Re1 35.Rxe1 Qh4+ 36.Qh3 Rxe1+ 37.Kh2 Qf4+ 38.g3 Qd2+ 0-1

[Event "XXIV Festival Conca della Presolana A"]
[Site "Bratto - Castione della Presolana ITA"]
[Date "2004.08.21"]
[Round "2"]
[White "Vinzoni, Andrea"]
[Black "Molteni, Costantino"]
[Result "1-0"]
[WhiteElo "2090"]
[BlackElo "2010"]
[PlyCount "61"]
[EventDate "2004.08.20"]

1.d4 Nf6 2.c4 e6 3.Nc3 c5 4.d5 exd5 5.cxd5 d6 6.Nf3 g6 7.g3 Bg7 8.Bg2 O-O 
9.O-O Re8 10.Nd2 Nbd7 11.h3 a6 12.a4 Rb8 13.Nc4 Nb6 14.Na3 Qe7 15.a5 Nbd7 
16.Nc4 b5 17.axb6 Nxb6 18.Na5 Qc7 19.e4 Bb7 20.e5 Rxe5 21.Bf4 Ree8 22.Nxb7
Rxb7 23.Rxa6 Qd7 24.Re1 Ra8 25.Bf1 Rxa6 26.Bxa6 Ra7 27.Bf1 Na4 28.Qb3 Nxc3
29.Qb8+ Bf8 30.Bh6 Ne2+ 31.Rxe2 1-0

[Event "XXIV Festival Conca della Presolana A"]
[Site "Bratto - Castione della Presolana ITA"]
[Date "2004.08.21"]
[Round "2"]
[White "Zimina, Olga"]
[Black "Nieus, Thierry"]
[Result "1-0"]
[WhiteElo "2430"]
[BlackElo "2221"]
[PlyCount "80"]
[EventDate "2004.08.20"]

1.e4 d6 2.d4 Nf6 3.Nc3 g6 4.Be3 c6 5.h3 Bg7 6.f4 Qa5 7.Bd3 Nbd7 8.Nf3 c5 
9.O-O cxd4 10.Bxd4 O-O 11.Qd2 Nc5 12.Nd5 Qd8 13.Nxf6+ Bxf6 14.Bxf6 exf6 
15.Qc3 Nxd3 16.Qxd3 f5 17.e5 dxe5 18.Nxe5 Qxd3 19.Nxd3 Be6 20.b3 Rfd8 21.
Rad1 b5 22.Nc5 Bd5 23.a3 Rac8 24.b4 a5 25.Rf2 axb4 26.axb4 Bc4 27.Rfd2 
Rxd2 28.Rxd2 Ra8 29.Kf2 Ra1 30.Ke3 Re1+ 31.Kd4 Kg7 32.Nd3 Re8 33.Rf2 f6 
34.Nb2 Rc8 35.Nd3 Re8 36.Kc5 Rc8+ 37.Kb6 Rb8+ 38.Kc7 Re8 39.Kc6 Kf7 40.Nb2
Re4 1-0

[Event "XXIV Festival Conca della Presolana A"]
[Site "Bratto - Castione della Presolana ITA"]
[Date "2004.08.22"]
[Round "3"]
[White "Agnelli, Francesco"]
[Black "Lapiccirella, Mattia"]
[Result "1/2-1/2"]
[WhiteElo "2097"]
[BlackElo "2233"]
[PlyCount "82"]
[EventDate "2004.08.20"]

1.e4 c5 2.Nf3 Nc6 3.d4 cxd4 4.Nxd4 Nf6 5.Nc3 d6 6.f3 e6 7.Be3 Be7 8.Qd2 a6
9.O-O-O Nxd4 10.Bxd4 b5 11.g4 O-O 12.h4 Bb7 13.g5 Nd7 14.Qf2 Rc8 15.Kb1 
Qc7 16.Rg1 b4 17.Na4 Nc5 18.Nxc5 dxc5 19.Be3 Rcd8 20.Bc4 Rd6 21.h5 Rxd1+ 
22.Rxd1 Rd8 23.Rxd8+ Qxd8 24.Qg1 Qd6 25.g6 Bf6 26.Qg4 Qe5 27.Bc1 a5 28.
gxh7+ Kxh7 29.f4 Qd4 30.e5 Bxe5 31.Bxe6 fxe6 32.Qg6+ Kh8 33.fxe5 Qxe5 34.
h6 Be4 35.hxg7+ Kg8 36.Qe8+ Kxg7 37.b3 Qf5 38.Qe7+ Kg6 39.Qe8+ Kh7 40.Qd7+
Kg6 41.Qe8+ Kh7 1/2-1/2

[Event "XXIV Festival Conca della Presolana A"]
[Site "Bratto - Castione della Presolana ITA"]
[Date "2004.08.22"]
[Round "3"]
[White "Agrifoglio, Fabio"]
[Black "Andreoli, Renato"]
[Result "1/2-1/2"]
[WhiteElo "2022"]
[BlackElo "2200"]
[PlyCount "44"]
[EventDate "2004.08.20"]

1.d4 Nf6 2.c4 e6 3.Nf3 b6 4.e3 Bb7 5.Bd3 Be7 6.Nc3 d5 7.Qc2 O-O 8.O-O c5 
9.cxd5 exd5 10.b3 Nc6 11.a3 Re8 12.Bb2 cxd4 13.exd4 a6 14.b4 Bd6 15.Rfe1 
Rxe1+ 16.Rxe1 Rc8 17.Qe2 b5 18.Bb1 Rc7 19.Qd3 Re7 20.Re2 Qe8 21.Rxe7 Nxe7 
22.Bc1 Bc8 1/2-1/2

[Event "XXIV Festival Conca della Presolana A"]
[Site "Bratto - Castione della Presolana ITA"]
[Date "2004.08.22"]
[Round "3"]
[White "Astengo, Marcello"]
[Black "Vinciguerra, Marco"]
[Result "0-1"]
[WhiteElo "2056"]
[BlackElo "2129"]
[PlyCount "79"]
[EventDate "2004.08.20"]

1.d4 Nf6 2.c4 c5 3.d5 e6 4.Nc3 exd5 5.cxd5 d6 6.e4 g6 7.f4 Bg7 8.Bb5+ Nfd7
9.a4 Qh4+ 10.g3 Qd8 11.Nf3 a6 12.Bc4 O-O 13.O-O b5 14.axb5 Nb6 15.Be2 N8d7
16.bxa6 c4 17.a7 Nc5 18.Be3 Nb3 19.Ra2 Bd7 20.Nd2 Nd4 21.Bxc4 Qc7 22.Bd3 
Rxa7 23.Rxa7 Qxa7 24.Qa1 Qc7 25.Rc1 Ra8 26.Qb1 Qa7 27.Kh1 Bg4 28.Bb5 Rc8 
29.Qd3 Nxb5 30.Qxb5 Rb8 31.Qc6 Bf8 32.Nb5 Qa6 33.Nxd6 Qe2 34.Bxb6 Rxb6 35.
Qxb6 Qxd2 36.Rf1 Bxd6 37.Qf2 Qd3 38.Qg2 Bc5 39.h3 Be2 40.Rf2 0-1

[Event "XXIV Festival Conca della Presolana A"]
[Site "Bratto - Castione della Presolana ITA"]
[Date "2004.08.22"]
[Round "3"]
[White "Barlocco, Carlo"]
[Black "Boccalatte, Piero"]
[Result "1-0"]
[WhiteElo "2148"]
[BlackElo "2002"]
[PlyCount "93"]
[EventDate "2004.08.20"]

1.Nf3 d5 2.c4 c6 3.b3 Bf5 4.Bb2 e6 5.g3 Nd7 6.Bg2 Ngf6 7.O-O h6 8.Nc3 Bd6 
9.d4 Ne4 10.Nh4 Nxc3 11.Bxc3 Bh7 12.f4 Be7 13.Nf3 Be4 14.Ne5 Bxg2 15.Kxg2 
Nf6 16.f5 exf5 17.Rxf5 O-O 18.Qd3 Ne4 19.Raf1 f6 20.Ng6 Re8 21.cxd5 cxd5 
22.Nf4 Qc8 23.Nxd5 Nxc3 24.Qxc3 Qxc3 25.Nxc3 Bb4 26.Nd5 Bd2 27.Nc7 Rxe2+ 
28.R5f2 Rxf2+ 29.Rxf2 Rc8 30.Nd5 Rc2 31.Ne3 Rc3 32.Rxd2 Rxe3 33.Kf2 Re7 
34.Kf3 Kf7 35.h4 g6 36.Kf4 f5 37.Kf3 Kf6 38.Rc2 g5 39.Rc8 Rd7 40.Ke3 f4+ 
41.gxf4 gxf4+ 42.Ke4 Ke6 43.Rh8 Rf7 44.Rxh6+ Kd7 45.Kf3 b6 46.Rg6 a5 47.
Rxb6 1-0

[Event "XXIV Festival Conca della Presolana A"]
[Site "Bratto - Castione della Presolana ITA"]
[Date "2004.08.22"]
[Round "3"]
[White "Bartolozzi, Roberto"]
[Black "Podini, Francesco"]
[Result "1/2-1/2"]
[WhiteElo "2104"]
[BlackElo "2074"]
[PlyCount "54"]
[EventDate "2004.08.20"]

1.Nf3 e6 2.c4 f5 3.d4 Nf6 4.g3 c6 5.Bg2 d5 6.Nbd2 Bd6 7.O-O O-O 8.b3 Qe7 
9.Bb2 Bd7 10.Qc2 Be8 11.Ne5 Nbd7 12.Rae1 Ne4 13.e3 Bb4 14.Bc1 Nxe5 15.dxe5
Bh5 16.f3 Nxd2 17.Bxd2 Bxd2 18.Qxd2 dxc4 19.bxc4 Rad8 20.Qc3 Qc5 21.Rd1 b5
22.Rd4 Rxd4 23.exd4 Qxc4 24.Qxc4 bxc4 25.Rc1 Rb8 26.Rxc4 Rb1+ 27.Kf2 Rb2+ 
1/2-1/2

[Event "XXIV Festival Conca della Presolana A"]
[Site "Bratto - Castione della Presolana ITA"]
[Date "2004.08.22"]
[Round "3"]
[White "Bellia, Fabrizio"]
[Black "Gosio, Denis"]
[Result "1-0"]
[WhiteElo "2409"]
[BlackElo "2170"]
[PlyCount "85"]
[EventDate "2004.08.20"]

1.e4 c5 2.c3 d5 3.exd5 Qxd5 4.d4 e6 5.Nf3 Nf6 6.Bd3 cxd4 7.cxd4 Nc6 8.Nc3 
Qd6 9.O-O Be7 10.a3 O-O 11.Re1 Rd8 12.Be3 a6 13.Qe2 b5 14.Rad1 Bb7 15.Bb1 
g6 16.Bg5 Na5 17.Ba2 Nc4 18.d5 Nxd5 19.Bxc4 bxc4 20.Nxd5 Bxg5 21.Nf6+ Bxf6
22.Rxd6 Rxd6 23.Ne5 Bxe5 24.Qxe5 Rad8 25.h4 h5 26.Kh2 Rd4 27.Qf6 R8d7 28.
f3 Rd2 29.Kg3 R2d4 30.Rc1 Kh7 31.Rc2 Kg8 32.Qg5 Kh7 33.Qc5 R7d5 34.Qb4 Rb5
35.Qf8 Rf5 36.b3 Bd5 37.bxc4 Bxc4 38.Rb2 Bb5 39.a4 Rxa4 40.Rd2 Rd5 41.
Qxf7+ Kh6 42.Rxd5 exd5 43.Qg8 1-0